书目信息 |
| 题名: |
Visual Basic程序设计
|
|
| 作者: | 夏洁武 , 谭云兰 主编 | |
| 分册: | ||
| 出版信息: | 上海 同济大学出版社 2007.02 |
|
| 页数: | 295页 | |
| 开本: | 26cm | |
| 丛书名: | 大学计算机基础教育丛书 | |
| 单 册: | ||
| 中图分类: | TP312BA | |
| 科图分类: | ||
| 主题词: | Basic语言--Basic yu yan--程序设计--高等学校--教材 | |
| 电子资源: | ||
| ISBN: | 978-7-5608-3511-2 | |
| 000 | 01040nam 2200277 450 | |
| 001 | 012007045863 | |
| 005 | 20080808100159.95 | |
| 010 | @a978-7-5608-3511-2@dCNY27.00 | |
| 100 | @a20080807d2007 em y0chiy0120 ea | |
| 101 | 0 | @achi |
| 102 | @aCN@b310000 | |
| 105 | @aa a 000yy | |
| 106 | @ar | |
| 200 | 1 | @aVisual Basic程序设计@AVisual Basic cheng xu she ji@f夏洁武, 谭云兰主编@Fxia jie wu,tan yun lan zhu bian |
| 210 | @a上海@c同济大学出版社@d2007.02 | |
| 215 | @a295页@c图@d26cm | |
| 225 | 2 | @a大学计算机基础教育丛书@Ada xue ji suan ji ji chu jiao yu cong shu |
| 320 | @a有书目 (第295页) | |
| 330 | @a本书是培养应用型人才及提高学生动手能力的系列教材之一,它根据应用型人才培养的基本教学要求,通过大量实例向读者介绍了程序设计的基础和方法。 | |
| 410 | 0 | @12001 @a大学计算机基础教育丛书 |
| 606 | 0 | @aBasic语言@ABasic yu yan@x程序设计@x高等学校@j教材 |
| 690 | @aTP312BA@v4 | |
| 701 | 0 | @a夏洁武@Axia jie wu@4主编 |
| 701 | 0 | @a谭云兰@Atan yun lan@4主编 |
| 801 | 0 | @aCN@bQSSK@c20080808 |
| 905 | @b732327-29@dTP312BA@eX189@f3 | |
| Visual Basic程序设计/夏洁武, 谭云兰主编.-上海:同济大学出版社,2007.02 |
| 295页:图;26cm.-(大学计算机基础教育丛书) |
| ISBN 978-7-5608-3511-2:CNY27.00 |
| 本书是培养应用型人才及提高学生动手能力的系列教材之一,它根据应用型人才培养的基本教学要求,通过大量实例向读者介绍了程序设计的基础和方法。 |
| ● |
| 相关链接 |
|
|
|
正题名:Visual Basic程序设计
索取号:TP312BA/X189
 
预约/预借
| 序号 | 登录号 | 条形码 | 馆藏地/架位号 | 状态 | 备注 |
| 1 | 732327 | 207323270 | 期刊室512/301自科库 77排1列1层/ [索取号:TP312BA/X189] | 在馆 | |
| 2 | 732328 | 207323289 | 自科库301/404自科库 9排4列4层/ [索取号:TP312BA/X189] | 在馆 | |
| 3 | 732329 | 207323298 | 期刊室512/301自科库 77排1列1层/ [索取号:TP312BA/X189] | 在馆 |